| 000 -LEADER |
| fixed length control field |
01639nam a22003977a 4500 |
| 003 - CONTROL NUMBER IDENTIFIER |
| control field |
OSt |
| 005 - DATE AND TIME OF LATEST TRANSACTION |
| control field |
20210419060139.0 |
| 006 - FIXED-LENGTH DATA ELEMENTS--ADDITIONAL MATERIAL CHARACTERISTICS |
| fixed length control field |
m d |
| 007 - PHYSICAL DESCRIPTION FIXED FIELD--GENERAL INFORMATION |
| fixed length control field |
cr cnu|||||||| |
| 008 - FIXED-LENGTH DATA ELEMENTS--GENERAL INFORMATION |
| fixed length control field |
160302s2016 enk d eng d |
| 020 ## - INTERNATIONAL STANDARD BOOK NUMBER |
| International Standard Book Number |
9781118512067 |
| 020 ## - INTERNATIONAL STANDARD BOOK NUMBER |
| International Standard Book Number |
1118512065 |
| 035 ## - SYSTEM CONTROL NUMBER |
| System control number |
(OCoLC)919860742 |
| 040 ## - CATALOGING SOURCE |
| Transcribing agency |
DLC |
| 049 ## - LOCAL HOLDINGS (OCLC) |
| Holding library |
YYEA |
| -- |
VZYM |
| 080 ## - UNIVERSAL DECIMAL CLASSIFICATION NUMBER |
| Universal Decimal Classification number |
616.3 |
| Item number |
Y-17 |
| 099 ## - LOCAL FREE-TEXT CALL NUMBER (OCLC) |
| Classification number |
INTERNET LINK |
| 245 10 - TITLE STATEMENT |
| Title |
Yamada's textbook of gastroenterology Volume 2 |
| Medium |
[electronic resource]/ |
| Statement of responsibility, etc. |
edited by Daniel K. Podolsky, Michael Camilleri, J. Gregory Fitz, Anthony N. Kalloo, Fergus Shanahan, Timothy C. Wang. |
| 246 3# - VARYING FORM OF TITLE |
| Title proper/short title |
Textbook of gastroenterology. |
| 250 ## - EDITION STATEMENT |
| Edition statement |
6th ed. |
| 256 ## - COMPUTER FILE CHARACTERISTICS |
| Computer file characteristics |
Electronic data. |
| 260 ## - PUBLICATION, DISTRIBUTION, ETC. |
| Place of publication, distribution, etc. |
Chichester, West Sussex ; |
| -- |
Hoboken, NJ : |
| Name of publisher, distributor, etc. |
John Wiley & Sons Inc., |
| Date of publication, distribution, etc. |
2016. |
| 300 ## - PHYSICAL DESCRIPTION |
| Extent |
3069 p. index 151 p. |
| 490 0# - SERIES STATEMENT |
| Series statement |
STAT!Ref electronic medical library. |
| 500 ## - GENERAL NOTE |
| General note |
EINSTEIN & MMC: available online via Stat!Ref. See Reference staff for assistance. |
| 538 ## - SYSTEM DETAILS NOTE |
| System details note |
Mode of access: World Wide Web. |
| 650 12 - SUBJECT ADDED ENTRY--TOPICAL TERM |
| Topical term or geographic name entry element |
Gastrointestinal Diseases. |
| 653 ## - INDEX TERM--UNCONTROLLED |
| Uncontrolled term |
გასტროენტეროლოგია |
| 655 #7 - INDEX TERM--GENRE/FORM |
| Genre/form data or focus term |
Electronic books. |
| 700 1# - ADDED ENTRY--PERSONAL NAME |
| Personal name |
Podolsky, Daniel Kalman. |
| 710 2# - ADDED ENTRY--CORPORATE NAME |
| Corporate name or jurisdiction name as entry element |
STAT!Ref (Online service) |
| 710 2# - ADDED ENTRY--CORPORATE NAME |
| Corporate name or jurisdiction name as entry element |
Teton Data Systems (Firm) |
| 856 40 - ELECTRONIC LOCATION AND ACCESS |
| Materials specified |
Stat!Ref |
| Uniform Resource Identifier |
<a href="https://elibrary.einsteinmed.org/login?url=https://online.statref.com/document.aspx?FxId=373&DocID=1&grpalias=AECM ">https://elibrary.einsteinmed.org/login?url=https://online.statref.com/document.aspx?FxId=373&DocID=1&grpalias=AECM </a> |
| Public note |
EINSTEIN: Stat!Ref ebook collection |
| 856 41 - ELECTRONIC LOCATION AND ACCESS |
| Materials specified |
Stat!Ref |
| Uniform Resource Identifier |
<a href="https://online.statref.com/Document.aspx?grpalias=MNYLC&FxId=373 ">https://online.statref.com/Document.aspx?grpalias=MNYLC&FxId=373 </a> |
| Public note |
MMC: Stat!Ref ebook collection |
| 942 ## - ADDED ENTRY ELEMENTS (KOHA) |
| Source of classification or shelving scheme |
|
| Koha item type |
Books |
| Edition |
6 |